| 000 | 00394nam a2200145 4500 | ||
|---|---|---|---|
| 005 | 20170619150157.0 | ||
| 082 | 0 | _a405 | |
| 100 | 1 | _aBurgess, Eunice & Andersson, Gunilla | |
| 245 | 1 | 0 |
_aIntroduction to language learning : _bA handbook / |
| 250 | _arevised. | ||
| 260 |
_aEngland: _bSummer Institute of Linguistics, _c1993. |
||
| 300 | _a94 p. | ||
| 650 | 0 | _alanguage learning | |
| 942 |
_2ddc _cBK |
||
| 999 |
_c64227 _d64201 |
||